[Event "NCA-chT 1st Stage"]
[Site "Managua"]
[Date "2021.10.03"]
[Round "6.4"]
[White "Reyes Sequeira, Axel Daniel"]
[Black "Guido, Rene"]
[Result "1/2-1/2"]
[WhiteElo "1630"]
[BlackElo "1814"]
[PlyCount "57"]
[EventDate "2021.09.25"]
[EventType "team-swiss"]
[EventRounds "9"]
[EventCountry "NCA"]
[SourceTitle "EXT 2023"]
[Source "ChessBase"]
[SourceDate "2022.10.05"]
[SourceVersion "1"]
[SourceVersionDate "2022.10.05"]
[SourceQuality "1"]
[WhiteTeam "Ciudad Sandino"]
[BlackTeam "Clemente Guido"]
[WhiteTeamCountry "NCA"]
[BlackTeamCountry "NCA"]

1. e4 d6 2. Nc3 Nf6 3. d4 Nbd7 4. Nf3 e5 5. Bc4 Be7 6. 0-0 c6 7. dxe5 dxe5 8. h3 0-0 9. Nh2 b5 10. Bd3 b4 11. Ne2 Bb7 12. Ng3 c5 13. Re1 g6 14. Ng4 Nxg4 15. Qxg4 Nf6 16. Qe2 Qc7 17. Bh6 Rfc8 18. Bc4 Rd8 19. Qf3 a5 20. b3 Rd6 21. Re3 Bf8 22. Bg5 Bg7 23. Rd3 Rad8 24. Rad1 Rxd3 25. Rxd3 Rxd3 26. cxd3 Qd6 27. Bxf6 Qxf6 28. Qxf6 Bxf6 29. f3 1/2-1/2

[Event "NCA-chT Final"]
[Site "Managua"]
[Date "2020.11.01"]
[Round "7.16"]
[White "Guido, Rene"]
[Black "Aviles, Fernando"]
[Result "0-1"]
[WhiteElo "1815"]
[BlackElo "2113"]
[PlyCount "82"]
[EventDate "2020.10.24"]
[EventType "team-tourn"]
[EventRounds "11"]
[EventCountry "NCA"]
[SourceTitle "EXT 2022"]
[Source "ChessBase"]
[SourceDate "2021.10.06"]
[SourceVersion "1"]
[SourceVersionDate "2021.10.06"]
[SourceQuality "1"]

1. e4 c5 2. Nf3 d6 3. d4 cxd4 4. Nxd4 Nf6 5. Nc3 a6 6. Be2 e6 7. 0-0 Nbd7 8. Be3 b5 9. a3 Bb7 10. f3 Qc7 11. Qd2 Rc8 12. Rfd1 Be7 13. Rac1 0-0 14. Bd3 Rfd8 15. Qf2 d5 16. exd5 Nxd5 17. Nxd5 Bxd5 18. f4 Nf6 19. h3 Qb7 20. g4 Ne4 21. Bxe4 Bxe4 22. c3 Rd7 23. Rd2 Rcd8 24. Rcd1 Bd5 25. g5 g6 26. h4 a5 27. Qg3 b4 28. axb4 axb4 29. Rh2 bxc3 30. bxc3 Bf8 31. h5 Bf3 32. Qxf3 Qxf3 33. Nxf3 Rxd1+ 34. Kg2 Bg7 35. Nd4 Rc8 36. hxg6 hxg6 37. Kf3 Rxc3 38. Ke4 Bxd4 39. Bxd4 Re1+ 40. Be3 Rexe3+ 41. Kd4 Rcd3+ 0-1

[Event "NCA-chT Final"]
[Site "Managua"]
[Date "2020.10.25"]
[Round "2.4"]
[White "Granados Diaz, Maria Esther"]
[Black "Guido, Rene"]
[Result "1-0"]
[WhiteElo "1842"]
[BlackElo "1815"]
[PlyCount "69"]
[EventDate "2020.10.24"]
[EventType "team-tourn"]
[EventRounds "11"]
[EventCountry "NCA"]
[SourceTitle "EXT 2022"]
[Source "ChessBase"]
[SourceDate "2021.10.06"]
[SourceVersion "1"]
[SourceVersionDate "2021.10.06"]
[SourceQuality "1"]

1. e4 c5 2. Nf3 Nc6 3. d4 cxd4 4. Nxd4 d6 5. c4 Nf6 6. Nc3 g6 7. Be2 Bg7 8. Be3 0-0 9. 0-0 Bd7 10. Rc1 Nxd4 11. Bxd4 Bc6 12. f3 a6 13. b4 b5 14. Qb3 bxc4 15. Bxc4 Bb7 16. Rfd1 Nd7 17. Be3 Ne5 18. Bd5 Bxd5 19. Nxd5 e6 20. Bb6 Qh4 21. Nc7 Rab8 22. Rxd6 Rxb6 23. Rxb6 Nxf3+ 24. Qxf3 Bd4+ 25. Kh1 Bxb6 26. Nxa6 Rd8 27. a4 Rd4 28. a5 Bd8 29. g3 Qxe4 30. Qxe4 Rxe4 31. Rc8 Rd4 32. Nb8 Kg7 33. Nc6 Rd1+ 34. Kg2 Bf6 35. a6 1-0

[Event "NCA-ch Fiestas Patrias op"]
[Site "Managua"]
[Date "2020.09.05"]
[Round "5"]
[White "Salazar Cabezas, Alberto Javier"]
[Black "Guido, Rene"]
[Result "1-0"]
[WhiteElo "2004"]
[BlackElo "1846"]
[PlyCount "77"]
[EventDate "2020.08.29"]
[EventType "swiss"]
[EventRounds "9"]
[EventCountry "NCA"]
[SourceTitle "EXT 2022"]
[Source "ChessBase"]
[SourceDate "2021.10.06"]
[SourceVersion "1"]
[SourceVersionDate "2021.10.06"]
[SourceQuality "1"]

1. e4 c5 2. Nf3 Nc6 3. c3 d6 4. d4 cxd4 5. cxd4 Nf6 6. Nc3 a6 7. Bd3 g6 8. 0-0 Bg7 9. h3 0-0 10. Be3 b5 11. Qd2 Bb7 12. Rac1 Rc8 13. Rfd1 Nb4 14. Bb1 Nc6 15. Bh6 Na5 16. Bxg7 Kxg7 17. e5 Nd5 18. Nxd5 Bxd5 19. Rxc8 Qxc8 20. Qxa5 Bxf3 21. gxf3 Qxh3 22. Be4 f5 23. exf6+ Rxf6 24. Qd2 d5 25. Bxd5 Rf5 26. Be6 Qxf3 27. Bxf5 Qxf5 28. Re1 Qg4+ 29. Kf1 Qh3+ 30. Ke2 Qg4+ 31. Kd3 Qf5+ 32. Ke2 Qg4+ 33. f3 Qg2+ 34. Kd1 Qxf3+ 35. Qe2 Qd5 36. Qxe7+ Kh6 37. Qh4+ Kg7 38. Re7+ Kf8 39. Qf6+ 1-0

[Event "Managua Guido Memorial"]
[Site "Managua"]
[Date "2014.02.27"]
[Round "11"]
[White "Guido, Rene"]
[Black "Garcia, Ricardo1111"]
[Result "0-1"]
[WhiteElo "1823"]
[BlackElo "2307"]
[PlyCount "45"]
[EventDate "2014.02.06"]
[EventType "tourn"]
[EventRounds "11"]
[EventCountry "NCA"]
[SourceTitle "EXT 2018"]
[Source "ChessBase"]
[SourceDate "2017.10.13"]
[SourceVersion "1"]
[SourceVersionDate "2017.10.13"]
[SourceQuality "1"]

1. e4 c5 2. Nf3 Nc6 3. Nc3 e5 4. d3 d6 5. Bg5 Be7 6. Qd2 Nd4 7. Bxe7 Nxe7 8. 0-0-0 Be6 9. Kb1 h6 10. Nxd4 cxd4 11. Ne2 Rc8 12. f4 f6 13. f5 Bf7 14. g4 Qb6 15. h4 Nc6 16. Bg2 Nb4 17. c4 dxc3 18. Nxc3 Rxc3 19. Qxc3 Bxa2+ 20. Kc1 Kd7 21. Rd2 Rc8 22. g5 Bb3 23. gxf6 0-1

[Event "Managua Guido Memorial"]
[Site "Managua"]
[Date "2014.02.26"]
[Round "10"]
[White "Mejia, Donaldo"]
[Black "Guido, Rene"]
[Result "1/2-1/2"]
[WhiteElo "1825"]
[BlackElo "1823"]
[PlyCount "112"]
[EventDate "2014.02.06"]
[EventType "tourn"]
[EventRounds "11"]
[EventCountry "NCA"]
[SourceTitle "EXT 2018"]
[Source "ChessBase"]
[SourceDate "2017.10.13"]
[SourceVersion "1"]
[SourceVersionDate "2017.10.13"]
[SourceQuality "1"]

1. e4 c5 2. Nc3 Nc6 3. g3 d6 4. Bg2 Nf6 5. h3 e6 6. d3 Be7 7. f4 Nd4 8. Nf3 Nxf3+ 9. Qxf3 Bd7 10. 0-0 Bc6 11. f5 exf5 12. Qxf5 Qd7 13. Qg5 0-0-0 14. Qd2 Nh5 15. g4 Nf6 16. g5 Nh5 17. Rxf7 Rdf8 18. Qf2 h6 19. h4 Qg4 20. Qf5+ Qxf5 21. Rxf5 Bd7 22. Rxf8+ Rxf8 23. Nd5 Bd8 24. gxh6 gxh6 25. Bxh6 Rg8 26. Bg5 Bxg5 27. hxg5 Rxg5 28. Rf1 Bh3 29. Rf2 Kd7 30. Kh2 Rxg2+ 31. Rxg2 Bxg2 32. Kxg2 Ke6 33. Kf3 Ke5 34. c3 Ng7 35. Ke3 Ne6 36. a3 Nd8 37. d4+ Ke6 38. Nf4+ Kf6 39. b4 Nc6 40. Nd5+ Ke6 41. Kd3 b6 42. Kc4 cxd4 43. cxd4 b5+ 44. Kd3 Kd7 45. Nc3 a6 46. Nd5 Kc8 47. Nf4 Kd7 48. Ke3 a5 49. d5 Ne5 50. bxa5 Nc4+ 51. Kd4 Nxa3 52. e5 dxe5+ 53. Kxe5 Nc4+ 54. Kd4 Nxa5 55. Kc5 Nb7+ 56. Kxb5 Kd6 1/2-1/2

[Event "Managua Guido Memorial"]
[Site "Managua"]
[Date "2014.02.07"]
[Round "2"]
[White "Guido, Rene"]
[Black "Fonseca Cabrera, Ernesto Gregorio"]
[Result "0-1"]
[WhiteElo "1823"]
[BlackElo "2146"]
[PlyCount "66"]
[EventDate "2014.02.06"]
[EventType "tourn"]
[EventRounds "11"]
[EventCountry "NCA"]
[SourceTitle "EXT 2018"]
[Source "ChessBase"]
[SourceDate "2017.10.13"]
[SourceVersion "1"]
[SourceVersionDate "2017.10.13"]
[SourceQuality "1"]

1. e4 c5 2. Nf3 e6 3. d4 cxd4 4. Nxd4 a6 5. c4 Nf6 6. Nc3 Bb4 7. f3 0-0 8. Qb3 Bc5 9. Be3 Qa5 10. 0-0-0 Nc6 11. Nc2 Bxe3+ 12. Nxe3 Qg5 13. Ne2 b5 14. h4 Qc5 15. Nf4 Bb7 16. Kb1 Na5 17. Qc3 Nxc4 18. Nxc4 bxc4 19. g4 Nxe4 20. fxe4 Bxe4+ 21. Bd3 Bxh1 22. Rxh1 Qc6 23. Bxh7+ Kxh7 24. Re1 Qd6 25. Nh5 Qd3+ 26. Qxd3+ cxd3 27. Rd1 Rab8 28. Rxd3 d5 29. Ra3 Rb4 30. Rg3 Rc8 31. a3 Re4 32. Ka2 Rcc4 33. Rf3 Rxg4 0-1

[Event "Managua Guido Memorial 10th"]
[Site "Managua"]
[Date "2013.02.07"]
[Round "3"]
[White "Davila, Carlos"]
[Black "Guido, Rene"]
[Result "1-0"]
[WhiteElo "2304"]
[BlackElo "1825"]
[PlyCount "49"]
[EventDate "2013.02.01"]
[EventType "tourn"]
[EventRounds "11"]
[EventCountry "NCA"]
[SourceTitle "EXT 2014"]
[Source "ChessBase"]
[SourceDate "2013.11.20"]
[SourceVersion "1"]
[SourceVersionDate "2013.11.20"]
[SourceQuality "1"]

1. d4 Nf6 2. g3 c6 3. Bg2 d5 4. Nf3 Bf5 5. 0-0 e6 6. Nbd2 Be7 7. c4 Nbd7 8. Nh4 Bg6 9. Nxg6 hxg6 10. e4 dxe4 11. Nxe4 Nxe4 12. Bxe4 Nf6 13. Bg2 Kf8 14. Be3 Qa5 15. Qb3 Qh5 16. h3 b6 17. Rfe1 Rd8 18. Qa4 c5 19. dxc5 Bxc5 20. Qxa7 Bxe3 21. Rxe3 Rd1+ 22. Rxd1 Qxd1+ 23. Bf1 Rxh3 24. Qa8+ Ne8 25. Rd3 1-0